Taylor Rule Under Financial Instability /

This paper contributes to the analysis of monetary policy in the face of financial instability. In particular, we extend the standard new Keynesian dynamic stochastic general equilibrium (DSGE) model with sticky prices to include a financial system. Our simulations suggest that if financial instabil...

Deskribapen osoa

Xehetasun bibliografikoak
Egile nagusia: Cihak, Martin
Beste egile batzuk: Bauducco, Sofia, Bulir, Ales
Formatua: Aldizkaria
Hizkuntza:English
Argitaratua: Washington, D.C. : International Monetary Fund, 2008.
Saila:IMF Working Papers; Working Paper ; No. 2008/018
Sarrera elektronikoa:Full text available on IMF
LEADER 01779cas a2200265 a 4500
001 AALejournalIMF009787
008 230101c9999 xx r poo 0 0eng d
020 |c 5.00 USD 
020 |z 9781451868807 
022 |a 1018-5941 
040 |a BD-DhAAL  |c BD-DhAAL 
100 1 |a Cihak, Martin. 
245 1 0 |a Taylor Rule Under Financial Instability /  |c Martin Cihak, Ales Bulir, Sofia Bauducco. 
264 1 |a Washington, D.C. :  |b International Monetary Fund,  |c 2008. 
300 |a 1 online resource (41 pages) 
490 1 |a IMF Working Papers 
500 |a <strong>Off-Campus Access:</strong> No User ID or Password Required 
500 |a <strong>On-Campus Access:</strong> No User ID or Password Required 
506 |a Electronic access restricted to authorized BRAC University faculty, staff and students 
520 3 |a This paper contributes to the analysis of monetary policy in the face of financial instability. In particular, we extend the standard new Keynesian dynamic stochastic general equilibrium (DSGE) model with sticky prices to include a financial system. Our simulations suggest that if financial instability affects output and inflation with a lag and if the central bank has privileged information about credit risk, monetary policy that responds instantly to increased credit risk can trade off more output and inflation instability today for a faster return to the trend than a policy that follows the simple Taylor rule with only the contemporaneous output gap and inflation. 
538 |a Mode of access: Internet 
700 1 |a Bauducco, Sofia. 
700 1 |a Bulir, Ales. 
830 0 |a IMF Working Papers; Working Paper ;  |v No. 2008/018 
856 4 0 |z Full text available on IMF  |u http://elibrary.imf.org/view/journals/001/2008/018/001.2008.issue-018-en.xml  |z IMF e-Library